000 00653nam a2200229Ia 4500
005 20250508160817.0
008 008 250505s9999 xx 000 0 eng d
020 _a0-340-16357-7
037 _aBooks to be hide in OPAC
040 _aFEDL
_beng
_cFEDL
041 _aeng
_2eng
084 _a001.4, ENT
_qFEDL
100 _aEntwistle N J
_9769428
245 0 _aEducational research in action
260 _aLondon, UK
_bUniversity of London Press Limited
_c1972
300 _ax, 342p
365 _aINR
_b39
650 _aEducational Research
700 _a Nisbet J D
_9769429
942 _cHB
_h001.4, ENT
999 _c1366754
_d1366754